American figures 1961-2005 from Nicknames, N-W Quiz Stats

 Plays Quiz not verified by Sporcle

Score 0/23 Timer 06:00
0 Plays Today
% Correct
Nixon, Richard Milhous Nixon
95.4%
Oswald, Lee Harvey
92%
Schwarzkopf, Norman
92%
Schwarzeneggar, Arnold
90.8%
Rumsfeld, Donald
88.5%
Nader, Ralph
87.4%
Rove, Karl
87.4%
Rockefeller, Nelson
85.1%
Ruby, Jack
85.1%
O'Neill, Thomas P. Jr.
83.9%
Reagan, Ronald
83.9%
White, Byron Raymond
65.5%
% Correct
Ray, James Earl
60.9%
Pepper, Claude
32.2%
White, Theodore H.
25.3%
Salinger, Pierre
24.1%
Stockman, David
23%
Powell, Adam Clayton
21.8%
Sununu, John
19.5%
Schultz, George
18.4%
Richardson, Elliot L.
17.2%
Vesco, Robert
13.8%
Saxbe, William
9.2%

You're not logged in!

Compare scores with friends on all Sporcle quizzes.
OR
Log In

You Might Also Like...

Show Comments

Extras

Top Quizzes Today


Score Distribution

Your Account Isn't Verified!

In order to create a playlist on Sporcle, you need to verify the email address you used during registration. Go to your Sporcle Settings to finish the process.

Report this User

Report this user for behavior that violates our Community Guidelines.

Details: